• 首页
  • 本馆介绍
  • 公告通知
  • 最新文献
  • 馆藏检索
  • 电子资源
  • 读者导购
  • 参考咨询
  • 我的图书馆
  • 登录
  • 详细信息显示
  • 放入我的书架
  • 预约/预借图书
  • 作者相关作品
  • 分类相关作品
  • 丛书相关作品
  • 出版社相关作品

书目信息

  • 表格格式
  • 工作单格式
  • 卡片格式
题名:
旧制度与大革命
    
 
作者: 托克维尔 著 ;吉家乐 编译
分册:  
出版信息: 杭州   浙江工商大学出版社  2018
页数: 274页
开本: 22cm
丛书名: 世界经典译丛
单 册:
中图分类: K565.41
科图分类:
主题词: 法国大革命--研究
电子资源:
ISBN: 978-7-5178-2280-6
000 01062oam2 2200289 450
001 2351926336
005 20231110141705.72
010    @a978-7-5178-2280-6@b精装@dCNY78.00
100    @a20181129d2018 em y0chiy50 ea
101 1  @achi@cfre
102    @aCN@b330000
105    @aa z 000yy
200 1  @a旧制度与大革命@Ajiu zhi du yu da ge ming@f(法)托克维尔著@g吉家乐编译
210    @a杭州@c浙江工商大学出版社@d2018
215    @a274页@c图@d22cm
225 1  @a世界经典译丛
300    @a创客读库
312    @a封面法文题名:L'ancien regime et la revolution
330    @a本书作者通过对大量史实的分析,揭示了旧制度与法国大革命的内在联系。既论述了大革命的开创性和决裂性,又论述了它的连续性,认为大革命是长期历史发展的必然结果。
461  0 @12001 @a世界经典译丛
510 1  @aAncien regime et la revolution@zfre
606 0  @a法国大革命@x研究
690    @aK565.41@v5
701  0 @c(法)@a托克维尔@Atuo ke wei er@c(Tocqueville, Alexis de@f1805-1859)@4著
702  0 @a吉家乐@Aji jia le@4编译
801  0 @aCN@b安徽时代@c20230923
905    @aBZT@dK565.41@e6
    
    旧制度与大革命/(法)托克维尔著/吉家乐编译.-杭州:浙江工商大学出版社,2018
    274页:图;22cm.-(世界经典译丛)
    创客读库
    
    ISBN 978-7-5178-2280-6(精装):CNY78.00
    本书作者通过对大量史实的分析,揭示了旧制度与法国大革命的内在联系。既论述了大革命的开创性和决裂性,又论述了它的连续性,认为大革命是长期历史发展的必然结果。
●
相关链接 在五车中查询图书 在当当中查询图书 在豆瓣中查询图书


正题名:旧制度与大革命     索取号:K565.41/6         预约/预借

序号 登录号 条形码 馆藏地/架位号 状态 备注
1 2000917345   2000917345   第四书库/四33架B面3层6列/ [索取号:K565.41/6] 在馆    
2 2000917346   2000917346   第四书库/四33架B面3层6列/ [索取号:K565.41/6] 在馆    
3 2000917347   2000917347   第四书库/四33架B面3层6列/ [索取号:K565.41/6] 在馆    
4 2000917348   2000917348   第四书库/四33架B面3层6列/ [索取号:K565.41/6] 在馆    
5 2000917349   2000917349   第四书库/四33架B面3层6列/ [索取号:K565.41/6] 在馆    
6 2000917350   2000917350   第四书库/四33架B面3层6列/ [索取号:K565.41/6] 在馆    
山东省滨州职业学院图书馆 欢迎您!
大连网信软件有限公司© 版权所有